UM Logo

The Level Of English Language Anxiety of the english Major Students in UM Digos College. (Record no. 6379)

MARC details
000 -LEADER
fixed length control field 00610nam a22001577a 4500
008 - FIXED-LENGTH DATA ELEMENTS--GENERAL INFORMATION
fixed length control field 170309b xxu||||| |||| 00| 0 eng d
082 ## - DEWEY DECIMAL CLASSIFICATION NUMBER
Edition number 2016
Classification number UT 0697
Item number V71
100 ## - MAIN ENTRY--PERSONAL NAME
9 (RLIN) 19219
Personal name Villanueva, Clarice L.
245 ## - TITLE STATEMENT
Title The Level Of English Language Anxiety of the english Major Students in UM Digos College.
Statement of responsibility, etc. Clarice L. Villanueva, Judel c. de la cruz and Nena H. Betonio.
300 ## - PHYSICAL DESCRIPTION
Extent 60 pages;
Other physical details 29 cm.
650 #0 - SUBJECT ADDED ENTRY--TOPICAL TERM
9 (RLIN) 19220
Topical term or geographic name as entry element Education
Form subdivision English
General subdivision Undergraduate Thesis.
700 ## - ADDED ENTRY--PERSONAL NAME
9 (RLIN) 19221
Personal name Villanueva, Clarice L.
700 ## - ADDED ENTRY--PERSONAL NAME
9 (RLIN) 19222
Personal name de la Cruz, Judel C.
700 ## - ADDED ENTRY--PERSONAL NAME
9 (RLIN) 19223
Personal name Betonio, Nena H.
942 ## - ADDED ENTRY ELEMENTS (KOHA)
Source of classification or shelving scheme Dewey Decimal Classification
Koha item type Undergraduate Thesis
Holdings
Withdrawn status Lost status Source of classification or shelving scheme Damaged status Not for loan Home library Current library Date acquired Total Checkouts Full call number Barcode Date last seen Copy number Price effective from Koha item type
    Dewey Decimal Classification     UM Digos College - LIC UM Digos College - LIC 11/07/2016   UT 0697 V71 2016 UT0697 03/09/2017 1 03/09/2017 Undergraduate Thesis
    Dewey Decimal Classification     UM Digos College - LIC UM Digos College - LIC 02/27/2017   UT 0746 V71 2016 UT0746 04/24/2017 2 04/24/2017 Undergraduate Thesis